Gaming Quiz

Random Gaming or Board Games Quiz

Board Games: Every Other Letter Quiz Stats

 Plays Quiz Updated Nov 9, 2015

Score 0/20 Timer 03:00
1 Play Today
Partial Name Complete Name % Correct
M_n_p_l_Monopoly
95.2%
R_s_Risk
93.7%
Y_h_z_eYahtzee
83.6%
S_r_b_l_Scrabble
81.7%
C_n_y   _a_dCandy Land
81.3%
B_t_l_s_i_Battleship
79.6%
C_e_k_r_Checkers
79.1%
_u_g_y   _u_g_y   _i_p_sHungry Hungry Hippos
74%
_h_s_Chess
71.4%
B_g_l_Boggle
70.6%
Partial Name Complete Name % Correct
_p_l_s   _o   _p_l_sApples to Apples
62%
_n_Uno
61.9%
_a_k_a_m_nBackgammon
60.6%
T_o_b_eTrouble
57.2%
_t_a_e_oStratego
47.7%
_o_r_Sorry
44.2%
_t_e_l_Othello
42.2%
_o_n_c_   F_u_Connect Four
31.3%
_a_r_l   _f   _o_k_y_Barrel of Monkeys
29.9%
M_s_e_m_n_Mastermind
25.3%

You're not logged in!

Compare scores with friends on all Sporcle quizzes.
OR
Log In

Show Comments

Extras

Top Quizzes Today


Score Distribution

Your Account Isn't Verified!

In order to create a playlist on Sporcle, you need to verify the email address you used during registration. Go to your Sporcle Settings to finish the process.

Report this User

Report this user for behavior that violates our Community Guidelines.

Details: